00522nam a2200157Ia 4500003000900000008004100009040001600050080002500066245012600091260003500217300001300252650004100265650001500306700002100321700002200342IN-BaIIA211028s9999 xx 000 0 eng d cIIA Library a550.3(047.1)bADV-11 0aAdvances in geophysicsbvol. 11cedited by H. E. Landsberg and I.J. Van Mieghem  aNew YorkbAcademic Pressc1965 ax, 349p. aAstronomy and Astrophysics Thesaurus aGeophysics aLandsberg, H. E. aVan Mieghem, I.J.